| 000 | 00536ntaaa2200193 4500 | ||
|---|---|---|---|
| 003 | 01 | ||
| 005 | 20251027202219.0 | ||
| 008 | 0714s1973 ag 01 | ||
| 040 |
_aAR-BaBN _bspa _cAR-BaBN _eaacr _dRIC |
||
| 082 | _a268.0000 E115 | ||
| 100 |
_aEllyson, Edgar P. _920658 |
||
| 245 | _aEl alumno de la escuela dominical | ||
| 250 | _a1 ed. | ||
| 260 |
_aKansas City : _bCasa Nazarena de Publicaciones, _c1959 |
||
| 300 | _a160 p | ||
| 500 | _aEj. 2 (17081) falta segĂșn inventario 1976 | ||
| 650 |
_aescuela dominical _94648 |
||
| 942 | _cBK | ||
| 999 |
_c17015 _d17015 |
||